000 00430nam a2200157 i 4500
001 149358
003 ES-MaACL
005 20230906203051.0
007 t|
008 071022s1970 sp ||||1| spa d
100 1 _aVaquero, Pedro.
_9113096
245 1 0 _aAlthuser o el estructuralismo /
_cPedro Vaquero.
260 _a[Algorta (Vizcaya) :
_bZero,
_c1970]
300 _a159 p. ;
_c20 cm.
852 _aES-MaACL
_jC-48645
_bR.74326
999 _c149358
_d149358